| 000 | 00700cam a2200253 4500 | ||
|---|---|---|---|
| 001 | J532 | ||
| 008 | 090401t1992 xxu||||| |||| 00| 0 eng d | ||
| 035 | _a(Sirsi) u75440 | ||
| 041 | _aeng | ||
| 050 | _a698.5 | ||
| 100 | _aEndean, K. | ||
| 245 | _aWeatherproofing problems in modern glazing systems. | ||
| 260 |
_aAscot, Berks. _bChartered Institute of Building _c1992 |
||
| 300 | _a8p. : ill. ; 30cm. | ||
| 350 | _a3.5 | ||
| 490 |
_aConstruction Papers _v1 |
||
| 650 | _aRAIN PENETRATION | ||
| 650 | _aSEALANTS | ||
| 650 | _aWINDOWS | ||
| 690 | _aBUILDING AND CONSTRUCTION-DEFECTS AND FAILURES | ||
| 710 |
_aChartered Institute of Building _92134 |
||
| 942 | _n0 | ||
| 948 | _c04/03/1997 | ||
| 999 |
_c96013 _d96013 |
||